000 00816nam a2200229Ia 4500
001 23299
003 GE_BSU
008 181216s||||||||xx |||||||||||||| ||und||
040 _cGE_BSU
080 _a94(479.22)"1832
100 _aგოზალიშვილი, გიორგი
245 _a1832 წლის შეთქმულება. ტ. 1
245 _cრედ. ლ. ციხისთავი.
260 _aთბილისი
260 _bსახ. უნ-ტის გამ-ბა
260 _c1935
300 _a528 გვ. : პორტრ., 17 ჩ. ფ. ილ.
541 _h3ლ. 40თ.
653 _a1832 წლის შეთქმულება საქართველოში
653 _a1832 წლის შეთქმულება. ტ. 1
942 _cBK
999 _c56198
_d56198